| 000 | 00745nam a2200265 a 4500 | ||
|---|---|---|---|
| 001 | BRCA_6961 | ||
| 005 | 20190320205648.0 | ||
| 008 | 181111s1949----fr-a######---#000-0#fre-# | ||
| 041 | _afre | ||
| 044 | _afr | ||
| 050 | 4 |
_aN5260 _b.G85 1949 |
|
| 245 | 1 | 0 | _aGuide de l´antiquaire, de l´amateur d´ art et du bibliophile. |
| 260 |
_aParís _bLe Guide Emer _c1949 |
||
| 300 |
_a224 p. _bil. _c20 cm. |
||
| 500 | _aInicio de la piblicación: 1949 | ||
| 500 | _aLa biblioteca cuenta con: 1953-1955 | ||
| 500 | _aO199 | ||
| 650 | 1 | 4 |
_aArte _xColeccionistas y colecciones _97445 |
| 650 | 1 | 4 |
_aArte _zFrancia _917350 |
| 650 | 1 | 4 |
_aLibros _915844 |
| 650 | 1 | 4 |
_aAnticuarios _910349 |
| 650 | 1 | 4 |
_aMarchands _97443 |
| 902 | _aGFM | ||
| 942 |
_2lcc _cB |
||
| 999 |
_c6643 _d6643 |
||